000 00277nam a2200121Ia 4500
008 190216s9999||||xx |||||||||||||| ||und||
100 _aRosser G C
245 4 _aThe Poetry Of Wordsworth
260 _bPenguin Books
300 _a254p
650 _aEnglish Poetry
942 _cBK
999 _c12061
_d12061